00396nmm a22001337a 450000500170000000800410001704100140005808200130007210000290008524501100011426000090022465000150023365000140024820170209141537.0150727b xxu||||| |||| 00| 0 spa d aEspañol aSE 19b  aFernández Leiva, Diana aInforme de Práctica Supervisada realizado en la Junta Administrativa de Servicio Eléctrico de Cartago c2014 aCOSTA RICA aOFIMATICA